000
00284nam a22001217a 4500
020
_a
0-87909-063-7
082
_a
621.381 ROB'B
100
_a
ROBINSON, VESTER
_9
75597
245
_a
BASIC PRINCIPLES OF ELECTRONICS
260
_a
VIRGINIA
_b
RESTON
_c
1973
300
_a
356P
942
_c
BK
999
_c
580993
_d
580993